000 00705nam a22001937a 4500
005 20161116150335.0
010 _aENG-116565
020 _a9789351434665
_c395.00
035 _aEN-100097
037 _bDBAD/PUB
082 _a345.54
100 _aParanjape,N. V.
245 _aCrime and punishment :
_cby N. V. Paranjape
_bTrends and reflections /
260 _aGurgaon
_bLexis Nexis
_c2016
270 _a14th floor, Building no 10, tower-B, DLF Cyber City, Phase-II,
_bGurgaon (Haryana)
_e122002
_k91 124 4774444
_l91 124 4774100
_mhelp.in@Lexisnexis.com
300 _axxiv, 396p
_c24cm(Pbk)
500 _aIncludes bibliographical reference and index.
942 _2ddc
_cEN
_h345.54
_mPAR
999 _c104641
_d104641